00930nam a2200253Ia 450000500170000000800410001702000180005802000150007608200150009110000200010624501030012625000180022930000640024765000350031165000450034665000430039165000450043465000460047926400280052533600270055333700330058033800280061304000350064120220317001457.0161108s2015 ck ao 000 0 s  a9789584244468 a958424446904a080 bD82s1 aDueñas, Jairo10aSimples conversacionesbveinte años de país y cuarenta personajes inolvidablescJairo Dueñas a1a. edición a330 páginasbilustraciones, fotografías en colorc24 cm142LEMBaPeriodistasvEntrevistas142LEMBaCantantes colombianosvEntrevistas142LEMBaActores colombianosvEntrevistas142LEMBaPoliticos colombianosvEntrevistas142LEMBaEscritores colombianosvEntrevistas aBogotábPlanetac2015 atextobtxt2rdacontent asin mediaciónbn2rdamedia avolumenbnc2rdacarrier aCO-BoRNBPbspaerdacCO-BoRNBP